Aby podniky prosperovali

Publikácia "Podniková ekonomika" (Sedlák, M. a kol., Bratislava, Elita 1995, 256 s.) od pedagogických a výskumných pracovníkov Fakulty podnikového manažmentu EU v Bratislave pod vedením Ing. Mikuláša Sedláka, CSc. Oboznamuje so základnými podnikovohospodárskymi otázkami a je vstupom do štúdia ďalšíc...

Descrizione completa

Salvato in:
Dettagli Bibliografici
Autore principale: Thomasová, Elena
Altri autori: Sedlák, Mikuláš
Natura: Capitolo di libro
Lingua:slovacco
Soggetti:
Tags: Aggiungi Tag
Nessun Tag, puoi essere il primo ad aggiungerne!!

MARC

LEADER 00000naa a2200000 4500
001 r017254
005 20221213095555.2
041 0 |a slo 
044 |a SK 
245 1 0 |a Aby podniky prosperovali  |c Elena Thomasová, Mikuláš Sedlák 
520 |a Publikácia "Podniková ekonomika" (Sedlák, M. a kol., Bratislava, Elita 1995, 256 s.) od pedagogických a výskumných pracovníkov Fakulty podnikového manažmentu EU v Bratislave pod vedením Ing. Mikuláša Sedláka, CSc. Oboznamuje so základnými podnikovohospodárskymi otázkami a je vstupom do štúdia ďalších ekonomických vedných disciplín. 
610 2 0 |a Slovensko 
610 2 0 |a 1995 
610 2 0 |a podnik 
610 2 0 |a hospodárstvo podnikové 
610 2 0 |a recenzie 
610 2 0 |a Ekonomická univerzita v Bratislave 
610 2 0 |a veda ekonomická 
610 2 0 |a knihy 
100 1 |a Thomasová, Elena 
700 1 |a Sedlák, Mikuláš